[Event "GRE-ch U16"]
[Site "Kallithea"]
[Date "2008.06.28"]
[Round "1"]
[White "Ketzetzis, Georgios"]
[Black "Iliopoulos, Alexandros"]
[Result "1/2-1/2"]
[WhiteElo "2068"]
[BlackElo "1702"]
[PlyCount "42"]
[EventDate "2008.06.28"]
[EventType "swiss"]
[EventRounds "9"]
[EventCountry "GRE"]
[SourceTitle "EXT 2010"]
[Source "ChessBase"]
[SourceDate "2010.11.25"]
[SourceVersion "1"]
[SourceVersionDate "2010.11.25"]
[SourceQuality "1"]

1. e4 a6 2. d4 b5 3. c4 Bb7 4. cxb5 Bxe4 5. Nc3 Bb7 6. Nf3 e6 7. Bf4 Nf6 8. Bd3 Bb4 9. 0-0 Nd5 10. Nxd5 Bxd5 11. Rc1 c6 12. a3 Be7 13. bxa6 Nxa6 14. Ne5 Bf6 15. Qh5 Bxe5 16. Bxe5 Qe7 17. Bxa6 Rxa6 18. Bxg7 Rg8 19. Qxh7 Qf6 20. Bxf6 Rxg2+ 21. Kh1 Rxf2+ 1/2-1/2